Statistics for YA and Teen Book Quiz

Click here to take the quiz!

General Stats

  • This quiz has been taken 295 times
  • The average score is 6 of 8

Answer Stats

HintAnswer% Correct
Boys stuck in a maze figure a way outThe Maze Runner
97%
2 cancer patients fall in love...with an unhappy endingThe Fault in our Stars
91%
A braided girl has to kill or be killedThe Hunger Games
91%
The transfer of factions from Selfless to DauntlessDivergent
90%
A young girl finds herself stealing books in the 1940'sThe Book Thief
84%
A boy is chosen to be the Receiver of MemoryThe Giver
51%
A boy goes to boarding school. A girl dies in a car crash. The Great Perhaps.Looking for Alaska
34%
After a night of fun, a boy goes on a hunt to find the girl of his dreamsPaper Towns
27%

Score Distribution

Percentile by Number Answered

Percent of People with Each Score

Your Score History

You have not taken this quiz